00634nam a22001817a 4500020001800000082001400018100002500032245003800057250001200095260004100107300002600148500005100174650005600225700001800281942000700299999001700306952012900323 a9788120347205 a005.1 TAN aTanenbaum, Andrew S. aStructured computer organization  a6th ed. aNew Delhi, IndiabPHI Learningc2013 axxii, 769 p. bill. ; aIncludes bibliographical references and index. a1. Computer programming. 2. Computer organization. aAustin, Todd. cBK c12595d12595 001040708NFICaCLbCLcSEd2013-12-27eAllied Book Companyg959.20l0o005.1 TANpSEECS013121r2014-01-11w2014-01-11yBK